000 00517 a2200205 4500
005 20260121163045.0
008 260121b |||||||| |||| 00| 0 eng d
020 _a9789349281103
_cRs. 1595.00
040 _aMAIN
082 _a658.3125
_bK631P
100 _aKirar, Satyaprakash
245 _aPerformance management
260 _bYking Books
_c2026
_aJaipur
300 _aviii, 201
650 _aManagement
650 _aFramework
700 _aDuggal, Hariom
700 _aSurender Kumar
942 _cBK
999 _c395569
_d395569